000 00533nam a2200169Ia 4500
003 GCL
008 140319s9999 xx 000 0 ara d
040 _aGCL /
_cGCL
082 0 4 _a150.1952
_bف م
100 1 _aفرويد ، سيجموند
245 1 0 _aما فوق مبدأ اللذه? /
_cفرويد ، سيجموند
700 1 _aاسحق رمزى
490 _aمكتبة التحليل النفسى والعلاج النفسى
_v0
650 0 4 _aعلم النفس
650 0 4 _aالتحليل النفسى
942 _2ddc
_cBK
999 _c47154
_d47154